Dziga Vertov : Man with a movie camera, Enthusiasm, 3 songs about Lenin, Kino eye, Kino pravda /

A collection of Russian experimental documentary films by Dziga Vertov, who used in his films several cinematic techniques (split screens, multiple superimpositions, variable speeds, et cetera) to present urban life from dawn to dusk.

Bibliographic Details
Corporate Author: Alloy Orchestra (Performer)
Other Authors: Vertov, Dziga, 1896-1954 (Film editor), Kaufman, Mikhail Abramovich, 1897-1980 (director of photography.), Vertova-Svilova, E. I. (Elizaveta Ignatʹevna) (Film editor), Bromberg, Serge (Producer, Director, Editor)
Format: Video Blu-ray Disc
Language:No linguistic content
Language Notes:Silent with Russian intertitles and musical accompaniment; with subtitles in French or English.
Published: [Los Angeles, California] : [Paris] : Flicker Alley ; Lobster films, [2015]
Series:Blackhawk Films collection.
Subjects:

MARC

Tag First Indicator Second Indicator Subfields
LEADER 00000cgm a2200000Ii 4500
001 in00003528939
005 20151105200017.0
007 vd bsaizu
008 150514t20152015cau279 vlzxx d
020 |a 1893967921 
020 |a 9781893967922 
024 1 |a 617311679292 
028 4 0 |a FA0041  |b Flicker Alley 
035 |a (OCoLC)ocn910677449 
035 |a (OCoLC)910677449 
040 |a TXA  |b eng  |e rda  |c TXA  |d TXA  |d UtOrBLW 
041 1 |a zxx  |j rus  |j fre  |j eng  |m eng 
043 |a e-ur--- 
049 |a TXAM 
090 |a PN1995.9.E96  |b D97 2015 
245 0 0 |a Dziga Vertov :  |b Man with a movie camera, Enthusiasm, 3 songs about Lenin, Kino eye, Kino pravda /  |c Lobster [logo], Eye [logo] Film Institut Nederland present ; Dziga Vertov ; [restored] on an idea of Serge Bromberg ; Blu-ray publication produced by Serge Bromberg [and 4 others]. 
246 1 |i Subtitle on container:  |a Man with a camera and other newly restored works 
264 1 |a [Los Angeles, California] :  |b Flicker Alley ;  |a [Paris] :  |b Lobster films,  |c [2015] 
264 4 |c ©2015 
300 |a 1 videodisc (279 min.) :  |b sound ; black and white ;  |c 4 3/4 in. +  |e 1 booklet (21 pages : illustrations; 15 cm) 
336 |a two-dimensional moving image  |b tdi  |2 rdacontent 
337 |a video  |b v  |2 rdamedia 
338 |a videodisc  |b vd  |2 rdacarrier 
490 1 |a Blackhawk Films collection 
538 |a Blu-ray disc; regions A, B, C.; requires blu-ray player. 
546 |a Silent with Russian intertitles and musical accompaniment; with subtitles in French or English. 
508 |a Cinematography (original), M. Kaufman, B. Zeitlin ; editing (original), Elisaveta Svilova, Dziga Vertov ; original music composed and performed by the Alloy Orchestra; image restoration, Eric Lange, Pauline Richard, Chrystel Bonne, Dune Carle, Anita Ribeyrol. 
500 |a Accompanying booklet (21 pages : illustrations ; 15 cm.) laid in container has credits and notes on each film, Dziga Vertov's selected filmography. 
505 0 0 |t Man with a camera  |g (1929) --  |t Enthusiasm: symphony of the Donbas  |g (1931) --  |t Three songs about Lenin  |g (1934) --  |t Kino eye  |g (1924) --  |t Kino Pravda  |g (1922-1925). 
520 |a A collection of Russian experimental documentary films by Dziga Vertov, who used in his films several cinematic techniques (split screens, multiple superimpositions, variable speeds, et cetera) to present urban life from dawn to dusk. 
651 0 |a Soviet Union  |x Social life and customs  |y 1917-1970. 
651 0 |a Soviet Union  |x Economic conditions  |y 1917-1945. 
651 0 |a Soviet Union  |x Social conditions  |y 1917-1945. 
650 0 |a Documentary films  |x Production and direction. 
650 0 |a Cinematography  |x Special effects. 
655 7 |a Experimental films.  |2 lcgft 
655 7 |a Silent films.  |2 lcgft 
655 7 |a Documentary films.  |2 lcgft 
655 7 |a Nonfiction films.  |2 lcgft 
655 7 |a Foreign films.  |2 local 
655 7 |a Motion pictures, Soviet.  |2 local 
655 7 |a Motion pictures, Russian.  |2 local 
700 1 |a Vertov, Dziga,  |d 1896-1954,  |e film director,  |e film editor. 
700 1 |a Kaufman, Mikhail Abramovich,  |d 1897-1980,  |e director of photography. 
700 1 |a Vertova-Svilova, E. I.  |q (Elizaveta Ignatʹevna),  |e film editor. 
700 1 |a Bromberg, Serge,  |e producer,  |e director,  |e editor. 
710 2 |a Alloy Orchestra,  |e performer. 
710 2 |a Lobster Films (Firm),  |e production company. 
710 2 |a EYE Film Instituut Nederland,  |e production company. 
710 2 |a Flicker Alley (Firm),  |e publisher. 
730 0 |i Contains (work):  |a Chelovek s kinoapparatom (Motion picture) 
730 0 2 |i Contains (work):  |a Ėntuziazm (Motion picture) 
730 0 2 |i Contains (work):  |a Tri pesni o Lenine (Motion picture) 
730 0 2 |i Contains (work):  |a Kino-glaz (Motion picture) 
730 0 2 |i Contains (work):  |a Kino-Pravda (Motion picture) 
740 0 2 |a Man with a movie camera. 
740 0 2 |a Enthusiasm. 
740 0 2 |a 3 songs about Lenin. 
740 0 2 |a Kino eye. 
830 0 |a Blackhawk Films collection. 
948 |a cataloged  |b h  |c 2015/6/4  |d o  |e tchubaryan  |f 12:51:08 pm 
994 |a C0  |b TXA 
999 |a MARS 
999 f f |s c43f1da2-6b86-3ef5-ab80-fb8c9deceb0e  |i ac03f704-d503-3bf4-9eac-7570393a6501  |t 0 
952 f f |p bluray  |a Texas A&M University  |b College Station  |c Sterling C. Evans Library  |d Evans: Media and Reserves (Annex 1st floor)  |t 0  |e PN1995.9.E96 D97 2015  |h Library of Congress classification  |i video -- videodisc  |m A14843092868 
998 f f |a PN1995.9.E96 D97 2015  |t 0  |l Evans: Media and Reserves (Annex 1st floor)